000 00713nam a2200181Ia 4500
008 090124s9999 xx 000 0 und d
082 _b25558
_a2569
100 _aप्रफुल्लदत्त ( तेंडुलकर दत्तात्रय विष्णू )
245 _a औदुंबर
250 _a1
260 _c1987
300 _a116
600 _aप्रफुल्लदत्त ( तेंडुलकर दत्तात्रय विष्णू )
630 _a औदुंबर
700 _aप्रफुल्लदत्त ( तेंडुलकर दत्तात्रय विष्णू )
730 _a औदुंबर
942 _cBOOK
999 _c139064
_d139064